| 000 | 00811nam a22002177a 4500 | ||
|---|---|---|---|
| 999 |
_c20108 _d20108 |
||
| 003 | AR-CdUCM | ||
| 008 | 190527b ||||| |||| 00| 0 spa d | ||
| 020 | _a84-267-0361-5 | ||
| 040 |
_aMUNICIPALIDAD PROVINCIAL DEL CUSCO _cBIBLIOTECA MUNICIPAL DEL CUSCO |
||
| 082 |
_a720 / _bP98 |
||
| 100 |
_a Puppo, Ernesto y Puppo, Giorgio Alberto _942066 |
||
| 245 |
_aAcondicionamiento natural y arquitectura : _bEcología en arquitectura / |
||
| 260 |
_aBarcelona : _bBoixareu, _c1979. |
||
| 300 |
_a220 páginas _c23 cm. |
||
| 505 | _aContenido: Factores del clima y microclima -- Elementos del clima y microclima -- Elementos climásticos y microclimáticos derivados... | ||
| 650 |
_aUrbanismo _94748 |
||
| 650 |
_aEcología _94960 |
||
| 650 |
_aArquitectura _93356 |
||
| 942 |
_2ddc _cLIBROS |
||
| 945 | _aJavier | ||